000 00452 a2200169 4500
001 189624
020 _a
040 _cMagnum
100 _aMuseu de Astronomia e Ciências Afins
240 1 0 _aLuiz cruls, um cientista a serviço do brasil
_lpor
245 1 0 _aLuiz cruls, um cientista a serviço do brasil
300 _a54
362 0 _a2010
440 1 _aMuseu de Astronomia e e Ciências Afins
697 _aESTUDOS BIOGRÁFICOS
942 _cBK
999 _c189624
_d189624